Normal view
MARC view
- اليهود- تاريخ- كنيسة- العصور الوسطى
Entry Topical Term
001 - CONTROL NUMBER
- control field: 11739
003 - CONTROL NUMBER IDENTIFIER
- control field: JO-AjAnu
005 - DATE AND TIME OF LATEST TRANSACTION
- control field: 20230606072201.0
008 - FIXED-LENGTH DATA ELEMENTS
- fixed length control field: 230606|| aca||aabn | a|a d
040 ## - CATALOGING SOURCE
- Original cataloging agency: JO-AjAnu
- Transcribing agency: JO-AjAnu
150 ## - HEADING--TOPICAL TERM
- Topical term or geographic name entry element: اليهود- تاريخ- كنيسة- العصور الوسطى
670 ## - SOURCE DATA FOUND
- Source citation: Work cat.: (JO-AjAnu)6047: برنز، واكيم ؛ ترجمة وتقديم: سهيل زكار, author 11738, بابوات يهود من غيتو روما